Statistics for The Worlds Most Common Food Allergies

Click here to take the quiz!

General Stats

  • This quiz has been taken 150 times
  • The average score is 4 of 9

Answer Stats

Answer% Correct
Peanuts
92%
Milk
84%
Wheat
66%
Eggs
48%
Fish
45%
Shellfish
41%
Soy
40%
Corn
21%
Seeds
3%

Score Distribution

Percentile by Number Answered

Percent of People with Each Score

Your Score History

You have not taken this quiz